| Tag |
First Indicator |
Second Indicator |
Subfields |
| LEADER |
00000cam a2200000 a 4500 |
| 001 |
in00002003147 |
| 005 |
20151031142913.0 |
| 008 |
950706e197606 maua bt 000 0 eng d |
| 035 |
|
|
|a (OCoLC)ocm32771922
|
| 040 |
|
|
|a MBW
|c MBW
|d TXA
|d UtOrBLW
|
| 049 |
|
|
|a TXAM
|
| 090 |
|
|
|a GC1
|b .W582 no.76-53
|
| 100 |
1 |
|
|a Heinmiller, Robert H.
|
| 245 |
1 |
4 |
|a The Woods Hole Buoy Project moorings :
|b 1960 through 1974 /
|c by Robert H. Heinmiller.
|
| 264 |
|
1 |
|a Woods Hole, Mass. :
|b Woods Hole Oceanographic Institution,
|c [1976]
|
| 300 |
|
|
|a 73 pages :
|b illustrations ;
|c 29 cm.
|
| 336 |
|
|
|a text
|b txt
|2 rdacontent
|
| 337 |
|
|
|a unmediated
|b n
|2 rdamedia
|
| 338 |
|
|
|a volume
|b nc
|2 rdacarrier
|
| 490 |
1 |
|
|a Woods Hole, Mass. Oceanographic Institution ;
|v Reference no. 76-53.
|a Technical report
|
| 504 |
|
|
|a Includes bibliographical references.
|
| 500 |
|
|
|a "June 1976."
|
| 650 |
|
0 |
|a Moorings.
|
| 710 |
2 |
|
|a Woods Hole Oceanographic Institution.
|
| 830 |
|
0 |
|a Woods Hole Oceanographic Institution (Series) ;
|v no. 76-53.
|
| 830 |
|
0 |
|a Technical report (Woods Hole Oceanographic Institution)
|
| 948 |
|
|
|a cataloged
|b h
|c 2004/11/19
|d c
|e dmitchel
|f 8:10:20 am
|
| 994 |
|
|
|a E0
|b TXA
|
| 999 |
|
|
|a MARS
|
| 999 |
f |
f |
|s 8cd3d0ee-eb34-3bcf-b14d-161d8e8a139f
|i 6eda7795-17a7-3c81-8f4c-4818aa5e7661
|t 0
|
| 952 |
f |
f |
|p ric
|a Texas A&M University
|b Rellis Campus
|c Joint Library Facility
|d Remote Storage
|t 0
|e GC1 .W582 no.76-53
|h Library of Congress classification
|i unmediated -- volume
|m A14831637934
|
| 998 |
f |
f |
|a GC1 .W582 no.76-53
|t 0
|l Remote Storage
|